<?xml version="1.0" encoding="UTF-8"?>
<record
    xmlns:xsi="http://www.w3.org/2001/XMLSchema-instance"
    xsi:schemaLocation="http://www.loc.gov/MARC21/slim http://www.loc.gov/standards/marcxml/schema/MARC21slim.xsd"
    xmlns="http://www.loc.gov/MARC21/slim">

  <leader>02387nam a22003497a 4500</leader>
  <controlfield tag="005">20120111110926.0</controlfield>
  <datafield tag="010" ind1=" " ind2=" ">
    <subfield code="a">B-476493-496</subfield>
  </datafield>
  <datafield tag="020" ind1=" " ind2=" ">
    <subfield code="a">9781426203367 (hardcover)</subfield>
    <subfield code="c">US $ 35.00</subfield>
  </datafield>
  <datafield tag="020" ind1=" " ind2=" ">
    <subfield code="a">1426203365 (hardcover)</subfield>
  </datafield>
  <datafield tag="035" ind1=" " ind2=" ">
    <subfield code="a">B-476493-496</subfield>
  </datafield>
  <datafield tag="037" ind1=" " ind2=" ">
    <subfield code="a">dpl</subfield>
    <subfield code="b">Blue Berry/Ven</subfield>
  </datafield>
  <datafield tag="082" ind1="0" ind2="0">
    <subfield code="a">203.5</subfield>
    <subfield code="2">22</subfield>
  </datafield>
  <datafield tag="245" ind1="0" ind2="0">
    <subfield code="a">Sacred places of a lifetime :</subfield>
    <subfield code="b">500 of the world's most peaceful and powerful destinations /</subfield>
    <subfield code="c">introduction by Keith Bellows.</subfield>
  </datafield>
  <datafield tag="246" ind1="3" ind2="0">
    <subfield code="a">500 of the world's most peaceful and powerful destinations</subfield>
  </datafield>
  <datafield tag="246" ind1="3" ind2=" ">
    <subfield code="a">Five hundred of the world's most peaceful and powerful destinations</subfield>
  </datafield>
  <datafield tag="260" ind1=" " ind2=" ">
    <subfield code="a">Washington, D.C. :</subfield>
    <subfield code="b">National Geographic Society,</subfield>
    <subfield code="c">c2008.</subfield>
  </datafield>
  <datafield tag="300" ind1=" " ind2=" ">
    <subfield code="a">399 p. :</subfield>
    <subfield code="b">col. ill., col. maps ;</subfield>
    <subfield code="c">31 cm.</subfield>
  </datafield>
  <datafield tag="500" ind1=" " ind2=" ">
    <subfield code="a">Includes indexes.</subfield>
  </datafield>
  <datafield tag="505" ind1="0" ind2=" ">
    <subfield code="a">Sacred landscapes -- Magaliths &amp; mysteries -- Cradles of faith -- Majestic ruins -- Daily devotion -- Shrines -- The pilgrim's way -- Ceremonies &amp; festivals -- In remembrance -- Retreats.</subfield>
  </datafield>
  <datafield tag="520" ind1=" " ind2=" ">
    <subfield code="a">A listing of five hundred sites new and old, famous and unknown, that have been used to connect humanity with its gods.</subfield>
  </datafield>
  <datafield tag="650" ind1=" " ind2="0">
    <subfield code="a">Sacred space.</subfield>
    <subfield code="9">52446</subfield>
  </datafield>
  <datafield tag="700" ind1="1" ind2=" ">
    <subfield code="a">Bellows, Keith.</subfield>
    <subfield code="9">38863</subfield>
  </datafield>
  <datafield tag="856" ind1="4" ind2="1">
    <subfield code="3">Table of contents only</subfield>
    <subfield code="u">http://www.loc.gov/catdir/toc/ecip0818/2008021396.html</subfield>
  </datafield>
  <datafield tag="906" ind1=" " ind2=" ">
    <subfield code="a">7</subfield>
    <subfield code="b">cbc</subfield>
    <subfield code="c">orignew</subfield>
    <subfield code="d">1</subfield>
    <subfield code="e">ecip</subfield>
    <subfield code="f">20</subfield>
    <subfield code="g">y-gencatlg</subfield>
  </datafield>
  <datafield tag="942" ind1=" " ind2=" ">
    <subfield code="2">ddc</subfield>
    <subfield code="c">CH</subfield>
    <subfield code="h">203.5</subfield>
    <subfield code="m">SAC</subfield>
  </datafield>
  <datafield tag="999" ind1=" " ind2=" ">
    <subfield code="c">60686</subfield>
    <subfield code="d">60686</subfield>
  </datafield>
  <datafield tag="952" ind1=" " ind2=" ">
    <subfield code="0">0</subfield>
    <subfield code="1">0</subfield>
    <subfield code="4">0</subfield>
    <subfield code="7">1</subfield>
    <subfield code="8">REF</subfield>
    <subfield code="a">L</subfield>
    <subfield code="b">L</subfield>
    <subfield code="d">2012-09-19</subfield>
    <subfield code="e">Blue Berry/IN8278/30.03.2012/43/20.03.2012/30.03.2012</subfield>
    <subfield code="g">1816.50</subfield>
    <subfield code="l">0</subfield>
    <subfield code="o">203.5 SAC</subfield>
    <subfield code="p">B-476493</subfield>
    <subfield code="r">2012-09-19 00:00:00</subfield>
    <subfield code="t">1</subfield>
    <subfield code="v">1816.50</subfield>
    <subfield code="w">2012-09-19</subfield>
    <subfield code="y">CH</subfield>
  </datafield>
  <datafield tag="952" ind1=" " ind2=" ">
    <subfield code="0">0</subfield>
    <subfield code="1">0</subfield>
    <subfield code="4">0</subfield>
    <subfield code="7">1</subfield>
    <subfield code="8">REF</subfield>
    <subfield code="a">ZLS</subfield>
    <subfield code="b">ZLS</subfield>
    <subfield code="d">2012-09-19</subfield>
    <subfield code="e">Blue Berry/IN8278/30.03.2012/43/20.03.2012/30.03.2012</subfield>
    <subfield code="g">1816.50</subfield>
    <subfield code="l">0</subfield>
    <subfield code="o">203.5 SAC</subfield>
    <subfield code="p">B-476494</subfield>
    <subfield code="r">2012-09-19 00:00:00</subfield>
    <subfield code="t">1</subfield>
    <subfield code="v">1816.50</subfield>
    <subfield code="w">2012-09-19</subfield>
    <subfield code="y">CH</subfield>
  </datafield>
  <datafield tag="952" ind1=" " ind2=" ">
    <subfield code="0">0</subfield>
    <subfield code="1">0</subfield>
    <subfield code="4">0</subfield>
    <subfield code="7">1</subfield>
    <subfield code="8">REF</subfield>
    <subfield code="a">BL3</subfield>
    <subfield code="b">BL3</subfield>
    <subfield code="d">2012-09-19</subfield>
    <subfield code="e">Blue Berry/IN8278/30.03.2012/43/20.03.2012/30.03.2012</subfield>
    <subfield code="g">1816.50</subfield>
    <subfield code="l">0</subfield>
    <subfield code="o">203.5 SAC</subfield>
    <subfield code="p">B-476495</subfield>
    <subfield code="r">2012-09-19 00:00:00</subfield>
    <subfield code="t">1</subfield>
    <subfield code="v">1816.50</subfield>
    <subfield code="w">2012-09-19</subfield>
    <subfield code="y">CH</subfield>
  </datafield>
  <datafield tag="952" ind1=" " ind2=" ">
    <subfield code="0">0</subfield>
    <subfield code="1">0</subfield>
    <subfield code="4">0</subfield>
    <subfield code="7">1</subfield>
    <subfield code="8">REF</subfield>
    <subfield code="a">BL4</subfield>
    <subfield code="b">BL4</subfield>
    <subfield code="d">2012-09-19</subfield>
    <subfield code="e">Blue Berry/IN8278/30.03.2012/43/20.03.2012/30.03.2012</subfield>
    <subfield code="g">1816.50</subfield>
    <subfield code="l">0</subfield>
    <subfield code="o">203.5 SAC</subfield>
    <subfield code="p">B-476496</subfield>
    <subfield code="r">2012-09-19 00:00:00</subfield>
    <subfield code="t">1</subfield>
    <subfield code="v">1816.50</subfield>
    <subfield code="w">2012-09-19</subfield>
    <subfield code="y">CH</subfield>
  </datafield>
</record>
